[Event "DVM U20 2012"]
[Site "Osnabrück GER"]
[Date "2012.12.27"]
[Round "1"]
[White "Thren, Christian"]
[Black "Diyap, Murat"]
[Result "1/2-1/2"]
[Termination "normal"]
[Board "8.4"]
[WhiteElo "1530"]
[BlackElo "1940"]
[WhiteTeam "Heilbronner SV"]
[BlackTeam "Frankfurter TV 1860"]
[WhiteFideId "12964344"]
[BlackFideId "1272104"]
[EventCountry "GER"]
[EventRounds "7"]
[EventType "team-swiss"]
[EventDate "2012.12.26"]

1. d4 d5 2. c4 e6 3. Nc3 Nf6 4. cxd5 exd5 5. Bg5 Be7 6. e3 Bf5 7. Bxf6 gxf6 8.
Qb3 Be6 9. Qxb7 Nd7 10. Qb3 Rb8 11. Qc2 c5 12. dxc5 Nxc5 13. Bb5+ Kf8 14. Nge2
a6 15. Ba4 Rxb2 16. Qd1 Bf5 17. O-O Bd3 18. Re1 Qa5 19. Bb3 Bxe2 20. Nxe2 Rd2
21. Qb1 Kg7 22. Nd4 Rc8 23. Re2 Rxe2 24. Nxe2 Qd2 25. Nd4 Nd3 26. Qf1 Nc1 27.
Qxa6 Rc7 28. Nf5+ Kg6 29. Nxe7+ Rxe7 30. g3 Qb2 31. Rxc1 Qxc1+ 32. Kg2 d4 33.
Qd3+ Kg7 34. Qxd4 Qc6+ 35. Kg1 Rc7 36. Qg4+ Kf8 37. Qb4+ Qc5 38. Qd4 Qxd4 39.
exd4 Ke7 40. Kg2 Kd6 41. Kf3 Rb7 42. Kg4 Rb4 43. Kf5 Rxd4 44. Kxf6 Rd2 45. f4
Rxh2 46. Kxf7 Rg2 47. Kg7 Rxg3+ 48. Kxh7 Rf3 49. Kg6 1/2-1/2

[Event "DVM U20 2012"]
[Site "Osnabrück GER"]
[Date "2012.12.27"]
[Round "1"]
[White "Abrahamyan, Arsen"]
[Black "Wenninger, Patrick"]
[Result "1/2-1/2"]
[Termination "normal"]
[Board "8.5"]
[WhiteElo "1753"]
[BlackElo "1650"]
[WhiteTeam "Frankfurter TV 1860"]
[BlackTeam "Heilbronner SV"]
[WhiteFideId "1271755"]
[BlackFideId "12927880"]
[EventCountry "GER"]
[EventRounds "7"]
[EventType "team-swiss"]
[EventDate "2012.12.26"]

1. e4 c6 2. d4 d5 3. Nc3 dxe4 4. Nxe4 Bf5 5. Ng3 Bg6 6. Bc4 e6 7. N1e2 Bd6 8.
O-O Nf6 9. f4 Qc7 10. Kh1 O-O 11. f5 exf5 12. Nxf5 Bxh2 13. Nh6+ Kh8 14. Nf5
Nbd7 15. Bd3 Bd6 16. Nf4 Bxf4 17. Bxf4 Qb6 18. b3 Nd5 19. c4 Nxf4 20. Rxf4 Nf6
21. Qf3 Rad8 22. c5 Qc7 23. Nd6 Nd5 24. Rh4 Rxd6 25. cxd6 Qxd6 26. Rf1 Qe6 27.
Bxg6 Qxg6 28. Qh5 Qxh5 29. Rxh5 f6 30. Re1 Kg8 31. Rf5 Kf7 32. Rf2 Rd8 33. Rfe2
h6 34. g3 a6 35. Kg2 Kf8 36. a3 Kf7 37. Kf2 Kf8 38. a4 a5 39. Kg2 Kf7 40. Kf2
Kf8 41. Kf3 Kf7 42. Rc1 Nb4 43. Rc4 Rd7 44. Rd2 Rd8 45. Rc1 Rd7 46. Rc5 b6 47.
Rc1 Rd6 48. Rcd1 Nd5 49. Re1 Ne7 50. g4 Ng6 51. Red1 Ne7 52. Re1 f5 53. Rde2
fxg4+ 54. Kxg4 Rxd4+ 55. Re4 Rd7 56. Rf1+ Kg8 57. Re6 b5 58. axb5 cxb5 59. Ra6
Nd5 60. Re1 Nf6+ 61. Kf3 Rd3+ 62. Re3 Rxe3+ 63. Kxe3 a4 64. bxa4 bxa4 65. Rxa4
Kf7 66. Kf3 g5 67. Ra5 Kg6 68. Kg3 Kh5 69. Ra4 Kg6 70. Ra5 h5 71. Ra4 Nd5 72.
Ra5 Nf6 73. Ra6 h4+ 74. Kh3 Kf5 75. Ra8 Ne4 76. Rf8+ Nf6 77. Rh8 1/2-1/2

[Event "DVM U20 2012"]
[Site "Osnabrück GER"]
[Date "2012.12.27"]
[Round "1"]
[White "Wunder, Anton"]
[Black "Polak, Elias"]
[Result "0-1"]
[Termination "normal"]
[Board "8.6"]
[WhiteElo "1419"]
[BlackElo "1824"]
[WhiteTeam "Heilbronner SV"]
[BlackTeam "Frankfurter TV 1860"]
[WhiteFideId "12964352"]
[BlackFideId "24692972"]
[EventCountry "GER"]
[EventRounds "7"]
[EventType "team-swiss"]
[EventDate "2012.12.26"]

1. d4 Nf6 2. c4 e5 3. dxe5 Ng4 4. Nf3 Bc5 5. e3 Nc6 6. Nc3 Ngxe5 7. Nxe5 Nxe5
8. Be2 d6 9. b3 O-O 10. O-O Qh4 11. Bf3 Qf6 12. Ne4 Nxf3+ 13. Qxf3 Qxa1 14. Bd2
Qe5 15. Bc3 Qf5 16. Qg3 Qg4 17. Qxg4 Bxg4 18. b4 Bb6 19. c5 dxc5 20. bxc5 f5
21. cxb6 fxe4 22. bxc7 Rfe8 23. Rb1 b6 24. Rb5 h6 25. Be5 Bd7 26. Rd5 Bc6 27.
Rd6 Rxe5 28. Rxc6 Rc8 29. Kf1 Rc5 0-1

[Event "DVM U20 2012"]
[Site "Osnabrück GER"]
[Date "2012.12.28"]
[Round "3"]
[White "Lebeda, Timo"]
[Black "Weidmann, Kevin"]
[Result "1/2-1/2"]
[Termination "normal"]
[Board "1.6"]
[WhiteElo "2047"]
[BlackElo "1710"]
[WhiteTeam "SK Bebenhausen 1992"]
[BlackTeam "Hamburger SK von 1830"]
[WhiteFideId "4638565"]
[BlackFideId "12939994"]
[EventCountry "GER"]
[EventRounds "7"]
[EventType "team-swiss"]
[EventDate "2012.12.26"]

1. c4 e5 2. Nc3 Nc6 3. Nf3 Nf6 4. d4 exd4 5. Nxd4 Bb4 6. Bg5 h6 7. Bh4 Bxc3+ 8.
bxc3 Ne5 9. e3 Ng6 10. Bg3 O-O 11. Bd3 d6 12. c5 Ne5 13. cxd6 Qxd6 14. O-O a6
15. Rb1 Rd8 16. Qb3 b6 17. Bg6 Rd7 18. Rfd1 Bb7 19. Nf5 Qc6 20. Bxf7+ Nxf7 21.
f3 Kh8 22. Rd4 Rad8 23. Rbd1 Rxd4 24. cxd4 Nd6 25. Bxd6 cxd6 26. Qf7 Qd7 27.
Nxh6 Kh7 28. Qxd7 Rxd7 29. Nf5 d5 30. Rb1 b5 31. Rc1 Kg6 32. Ng3 Kf7 33. Ne2
Ke7 34. a4 Kd6 35. axb5 axb5 36. Nc3 Bc6 37. Na2 Rc7 38. Rc2 Nd7 39. h4 Nb6 40.
Kf2 Nc4 41. g4 Ra7 42. h5 Be8 43. e4 dxe4 44. fxe4 Bc6 45. e5+ Ke6 46. Nb4 Bd5
47. g5 Ra4 48. h6 gxh6 49. gxh6 Be4 50. Re2 Bf5 51. d5+ Ke7 52. e6 Ke8 53. Nc6
b4 54. Ne5 b3 55. Nd7 Ke7 56. Nc5 Ra3 57. d6+ Nxd6 58. Rb2 Ra2 59. Rxa2 bxa2
60. Nb3 Bxe6 61. h7 Nf7 62. Na1 Kf6 63. Ke3 Kg7 64. Kd4 Kxh7 65. Kc3 Kg6 66.
Kb2 Kf5 67. Nc2 Nd6 68. Nb4 Ke5 1/2-1/2

[Event "DVM U20 2012"]
[Site "Osnabrück GER"]
[Date "2012.12.28"]
[Round "4"]
[White "Zimmermann, Ulrich"]
[Black "Tkachuk, Konstantyn"]
[Result "1-0"]
[Termination "normal"]
[Board "1.1"]
[WhiteElo "2243"]
[BlackElo "2217"]
[WhiteTeam "SK Bebenhausen 1992"]
[BlackTeam "Schachgesellschaft Bochum 1931"]
[WhiteFideId "24654523"]
[BlackFideId "24647330"]
[EventCountry "GER"]
[EventRounds "7"]
[EventType "team-swiss"]
[EventDate "2012.12.26"]

1. c4 g6 2. d4 Bg7 3. e4 d6 4. Nc3 Nf6 5. Bd3 O-O 6. Nge2 e5 7. d5 Ne8 8. O-O
f5 9. f4 Na6 10. exf5 gxf5 11. Be3 e4 12. Bc2 c5 13. a3 Nf6 14. h3 Bd7 15. Rb1
Kh8 16. Ba4 Nh5 17. b4 b6 18. Bc6 Rg8 19. Nb5 Bf8 20. Bxa8 Qxa8 21. bxc5 Nxc5
22. Bd4+ Ng7 23. Ng3 1-0

[Event "DVM U20 2012"]
[Site "Osnabrück GER"]
[Date "2012.12.28"]
[Round "4"]
[White "Mazarov, Jürgen"]
[Black "Braun, Georg"]
[Result "0-1"]
[Termination "normal"]
[Board "1.2"]
[WhiteElo "2158"]
[BlackElo "2186"]
[WhiteTeam "Schachgesellschaft Bochum 1931"]
[BlackTeam "SK Bebenhausen 1992"]
[WhiteFideId "24617768"]
[BlackFideId "24629383"]
[EventCountry "GER"]
[EventRounds "7"]
[EventType "team-swiss"]
[EventDate "2012.12.26"]

1. e4 c5 2. Nf3 d6 3. d4 cxd4 4. Nxd4 Nf6 5. Nc3 a6 6. Bg5 e6 7. f4 Qc7 8. Qf3
Nc6 9. O-O-O Bd7 10. Bxf6 gxf6 11. f5 Nxd4 12. Rxd4 Qc5 13. Rd1 Qe5 14. Bd3 h5
15. Rhf1 Rh6 16. Ne2 Be7 17. h4 O-O-O 18. Nf4 Rg8 19. Bc4 Bd8 20. Rd3 exf5 21.
exf5 Bxf5 22. Re3 Qa5 23. Bxf7 Rg7 24. Rc3+ Kb8 25. Bd5 Re7 26. g3 Rhh7 27. a3
Bb6 28. Kb1 Bd4 29. Rb3 Qd2 30. Qd1 Qxd1+ 31. Rxd1 Be5 32. Rf1 Rc7 33. Nd3 Bg6
34. Rf3 Rhg7 35. Kc1 Bh7 36. Ne1 Rc5 37. c4 Bg8 38. Bxg8 Rxg8 39. Kd2 Rxc4 40.
Ng2 Rcg4 41. Nf4 Bxf4+ 42. Rxf4 Rxf4 43. gxf4 Rg2+ 44. Kc1 Rg4 45. Rd3 Rxh4 46.
Rxd6 Rxf4 47. Rd7 Rg4 48. Rf7 Rg6 49. Rh7 Rg5 50. Kd2 Ka7 51. Kd3 Rb5 52. b4
Rg5 53. Kc4 Kb6 54. Rh6 Rf5 55. Kd4 Kb5 56. Ke4 Re5+ 57. Kf4 Ka4 58. Rxf6 Rb5
59. Ke4 Kxa3 0-1

[Event "DVM U20 2012"]
[Site "Osnabrück GER"]
[Date "2012.12.28"]
[Round "4"]
[White "Wenninger, Philipp"]
[Black "Kahleys, Kevin"]
[Result "0-1"]
[Termination "normal"]
[Board "1.3"]
[WhiteElo "2220"]
[BlackElo "2189"]
[WhiteTeam "SK Bebenhausen 1992"]
[BlackTeam "Schachgesellschaft Bochum 1931"]
[WhiteFideId "4648404"]
[BlackFideId "24669601"]
[EventCountry "GER"]
[EventRounds "7"]
[EventType "team-swiss"]
[EventDate "2012.12.26"]

1. d4 d5 2. c4 c6 3. Nf3 Nf6 4. Nc3 g6 5. cxd5 cxd5 6. Bf4 a6 7. e3 Nc6 8. Be2
Bg7 9. O-O O-O 10. Rc1 Bf5 11. Ne5 Rc8 12. Bf3 Ne4 13. Nxc6 Rxc6 14. Bxe4 dxe4
15. Qb3 Qd7 16. Na4 b5 17. Nc5 Qc8 18. Qa3 Rd8 19. b4 Rd5 20. Qb3 Be6 21. Qb2
Bf5 22. Nb3 e5 23. dxe5 g5 24. Bg3 h5 25. f4 exf3 26. gxf3 Bh3 27. e4 Rd3 28.
Nc5 Bxf1 29. Rxf1 Rxc5 30. bxc5 Qxc5+ 31. Kh1 h4 32. Be1 Bxe5 33. Qg2 Bf4 34.
Bxh4 Rd2 35. Bf2 Qc2 36. Qg1 Qc3 37. Qg2 Be3 38. Kg1 Rxa2 39. h4 Rxf2 40. Rxf2
Qd2 41. hxg5 b4 42. Qg4 Qxf2+ 43. Kh1 Qg1+ 0-1

[Event "DVM U20 2012"]
[Site "Osnabrück GER"]
[Date "2012.12.28"]
[Round "4"]
[White "Gibicar, Danijel"]
[Black "Budszuhn, Timo"]
[Result "1/2-1/2"]
[Termination "normal"]
[Board "1.5"]
[WhiteElo "2100"]
[BlackElo "1994"]
[WhiteTeam "SK Bebenhausen 1992"]
[BlackTeam "Schachgesellschaft Bochum 1931"]
[WhiteFideId "24660256"]
[BlackFideId "1270607"]
[EventCountry "GER"]
[EventRounds "7"]
[EventType "team-swiss"]
[EventDate "2012.12.26"]

1. d4 Nf6 2. c4 g6 3. Nc3 d5 4. Bf4 Bg7 5. e3 c6 6. Nf3 O-O 7. Be2 Nbd7 8. cxd5
Nxd5 9. Nxd5 cxd5 10. O-O Nf6 11. Qb3 Nh5 12. Bg3 Nxg3 13. hxg3 Rb8 14. Rac1
Bg4 15. Rc5 e6 16. Rfc1 Bxf3 17. Bxf3 Re8 18. Rc7 Re7 19. Qc2 Bf8 20. Rc3 Rd7
21. a3 Bd6 22. b4 Qe7 23. Be2 a5 24. bxa5 Bxa3 25. Ra1 Bb4 26. Rc8+ Rxc8 27.
Qxc8+ Rd8 28. Qc1 Ra8 29. a6 bxa6 30. Rxa6 Rxa6 31. Bxa6 Ba5 32. Be2 Qc7 33.
Qxc7 Bxc7 34. g4 g5 35. Bb5 Kf8 36. Kf1 Ke7 37. Ke2 Ba5 38. Kd3 Kd6 39. Be8 f6
40. Ba4 h6 41. Bb3 Bb4 42. f3 Ba5 43. Ba2 Bb4 44. Bb3 Ba5 45. Ba4 Bb4 46. Bb5
Ba5 47. Ba6 Kc7 48. Bb5 Kd6 49. Be8 Bb4 50. Bb5 Ba5 51. Ba6 Ke7 52. Ke2 Bb4 53.
Bb5 Kd6 54. Ba6 Kc7 55. Bb5 Kd6 56. Ba6 Kc7 57. Bb5 1/2-1/2

[Event "DVM U20 2012"]
[Site "Osnabrück GER"]
[Date "2012.12.28"]
[Round "4"]
[White "Thanabalasingam, Ajandhan"]
[Black "Alber, Alexander"]
[Result "1-0"]
[Termination "normal"]
[Board "1.6"]
[WhiteElo "2002"]
[BlackElo "1928"]
[WhiteTeam "Schachgesellschaft Bochum 1931"]
[BlackTeam "SK Bebenhausen 1992"]
[WhiteFideId "24601659"]
[BlackFideId "4640039"]
[EventCountry "GER"]
[EventRounds "7"]
[EventType "team-swiss"]
[EventDate "2012.12.26"]

1. e4 c5 2. Nf3 d6 3. d4 cxd4 4. Nxd4 Nf6 5. Nc3 a6 6. Be3 e5 7. Nb3 Be6 8. f3
Be7 9. Qd2 h5 10. O-O-O Nbd7 11. Kb1 b5 12. Nd5 Bxd5 13. exd5 Nb6 14. Bxb6 Qxb6
15. Bd3 a5 16. Qe2 Rb8 17. f4 a4 18. fxe5 dxe5 19. Nd2 Bd6 20. Ne4 Nxe4 21.
Qxe4 b4 22. Rhf1 Qc7 23. Rf3 g6 24. Rf6 Rf8 25. Rdf1 a3 26. Qe2 Rb6 27. Bb5+
Kd8 28. Bc6 e4 29. Qxe4 Be5 30. d6 Qxc6 31. Qxe5 Re8 32. Qg5 Rb7 33. d7 Qxd7
34. Rd6+ Re7 35. Rxd7+ Rbxd7 36. Qa5+ Ke8 37. Qxb4 axb2 38. Re1 Rxe1+ 39. Qxe1+
Re7 40. Qb4 Re6 41. a4 f5 42. a5 g5 43. a6 f4 44. a7 Kf7 45. a8=Q Kf6 46. Qaf8+
Ke5 47. Qe1+ Kd5 48. Qf5+ Re5 49. Qfxe5+ Kc6 50. Q1c3+ Kb6 51. Qec5+ Ka6 52.
Q3b4 f3 53. Qcb6# 1-0

[Event "DVM U20 2012"]
[Site "Osnabrück GER"]
[Date "2012.12.28"]
[Round "4"]
[White "Meier, Lars"]
[Black "Colpe, Malte"]
[Result "1/2-1/2"]
[Termination "normal"]
[Board "2.1"]
[WhiteElo "2020"]
[BlackElo "2348"]
[WhiteTeam "Frankfurter TV 1860"]
[BlackTeam "Hamburger SK von 1830"]
[WhiteFideId "24602396"]
[BlackFideId "24623075"]
[EventCountry "GER"]
[EventRounds "7"]
[EventType "team-swiss"]
[EventDate "2012.12.26"]

1. e4 c5 2. c3 Nf6 3. e5 Nd5 4. d4 cxd4 5. cxd4 d6 6. Nf3 e6 7. Nc3 Nc6 8. Nxd5
exd5 9. exd6 Bxd6 10. Be2 O-O 11. O-O Bf5 12. a3 Qc7 13. Be3 Rae8 14. Rc1 Be4
15. Ne5 f6 16. Nxc6 Bxh2+ 17. Kh1 bxc6 18. Bb5 Rb8 19. Bxc6 Qd6 20. Qh5 1/2-1/2

[Event "DVM U20 2012"]
[Site "Osnabrück GER"]
[Date "2012.12.28"]
[Round "4"]
[White "Gharibyan, Harutyun"]
[Black "Diyap, Murat"]
[Result "1/2-1/2"]
[Termination "normal"]
[Board "2.4"]
[WhiteElo "2138"]
[BlackElo "1940"]
[WhiteTeam "Hamburger SK von 1830"]
[BlackTeam "Frankfurter TV 1860"]
[WhiteFideId "24632058"]
[BlackFideId "1272104"]
[EventCountry "GER"]
[EventRounds "7"]
[EventType "team-swiss"]
[EventDate "2012.12.26"]

1. d4 d5 2. c4 e6 3. Nc3 c6 4. Nf3 Nf6 5. Bg5 h6 6. Bf4 dxc4 7. a4 Bb4 8. e3 b5
9. Be2 Nd5 10. Qc2 Nxf4 11. exf4 Bb7 12. O-O a6 13. f5 exf5 14. Qxf5 O-O 15.
Rfd1 Nd7 16. d5 Bxc3 17. dxc6 Bxc6 18. bxc3 Qf6 19. Qxf6 Nxf6 20. Rd6 Be4 21.
Nd4 Bd3 22. Bf3 Ne4 23. Bxe4 Bxe4 24. f3 Bd3 25. axb5 axb5 26. Rxa8 Rxa8 27.
Nxb5 Ra2 28. Nd4 Ra3 29. Nb5 Rb3 30. Rd5 Rb2 31. Na3 Rb3 32. Nb5 Rb2 1/2-1/2

[Event "DVM U20 2012"]
[Site "Osnabrück GER"]
[Date "2012.12.28"]
[Round "4"]
[White "Weidmann, Kevin"]
[Black "Polak, Elias"]
[Result "1-0"]
[Termination "normal"]
[Board "2.6"]
[WhiteElo "1710"]
[BlackElo "1824"]
[WhiteTeam "Hamburger SK von 1830"]
[BlackTeam "Frankfurter TV 1860"]
[WhiteFideId "12939994"]
[BlackFideId "24692972"]
[EventCountry "GER"]
[EventRounds "7"]
[EventType "team-swiss"]
[EventDate "2012.12.26"]

1. e4 e5 2. Nf3 Nf6 3. Nxe5 d6 4. Nf3 Nxe4 5. Nc3 Nxc3 6. dxc3 Be7 7. Be3 Bg4
8. h3 Bxf3 9. Qxf3 Nc6 10. O-O-O O-O 11. h4 Ne5 12. Qe2 Qd7 13. f3 Qe6 14. Kb1
f5 15. Qb5 c6 16. Qxb7 Rab8 17. Qa6 Bf6 18. Bd4 Rfe8 19. f4 Ng4 20. Qxc6 Rec8
21. Qf3 Bxd4 22. Rxd4 Qe1+ 23. Rd1 Qf2 24. Rxd6 Qxf3 25. gxf3 Ne3 26. Kc1 Rc5
27. Re6 Nc4 28. b3 Nb6 29. c4 Kf7 30. Re5 Rxe5 31. fxe5 f4 32. Bh3 Re8 33. Re1
h6 34. Re4 g5 35. c3 Kg6 36. hxg5 hxg5 37. a4 a5 38. Bg4 Re7 39. e6 Kf6 40. Kd2
Nc8 41. Rd4 Nb6 42. Rd6 1-0

[Event "DVM U20 2012"]
[Site "Osnabrück GER"]
[Date "2012.12.28"]
[Round "4"]
[White "Mons, Leon"]
[Black "Carow, Johannes"]
[Result "1-0"]
[Termination "normal"]
[Board "3.1"]
[WhiteTitle "FM"]
[WhiteElo "2339"]
[BlackElo "2260"]
[WhiteTeam "SC Forchheim"]
[BlackTeam "Sfr. Heidesheim"]
[WhiteFideId "4614950"]
[BlackFideId "24692050"]
[EventCountry "GER"]
[EventRounds "7"]
[EventType "team-swiss"]
[EventDate "2012.12.26"]

1. e4 c5 2. Nf3 e6 3. d4 cxd4 4. Nxd4 a6 5. Bd3 Nf6 6. O-O Qc7 7. Qe2 d6 8. c4
Be7 9. Nc3 b6 10. b3 O-O 11. Bb2 Bb7 12. f4 Nbd7 13. Rae1 Rad8 14. Bb1 Rfe8 15.
Kh1 Bf8 16. Nf3 g6 17. e5 Nh5 18. Ng5 Bh6 19. Nxf7 Kxf7 20. f5 exf5 21. e6+ Kg8
22. e7 Ne5 23. exd8=Q Qxd8 24. Nd5 f4 25. Bxe5 dxe5 26. Qf3 Bc8 27. Kg1 b5 28.
c5 Nf6 29. Nxf6+ Qxf6 30. b4 Be6 31. Qc6 Rd8 32. Rd1 Rd4 33. Rxd4 exd4 34. Re1
Kf7 35. Qc7+ Kg8 36. Qd6 Kf7 37. Qxa6 Bc4 38. Qxf6+ Kxf6 39. Kf2 1-0

[Event "DVM U20 2012"]
[Site "Osnabrück GER"]
[Date "2012.12.28"]
[Round "4"]
[White "Carow, Annelen"]
[Black "Miller, Eduard"]
[Result "1/2-1/2"]
[Termination "normal"]
[Board "3.2"]
[WhiteElo "2009"]
[BlackElo "2137"]
[WhiteTeam "Sfr. Heidesheim"]
[BlackTeam "SC Forchheim"]
[WhiteFideId "24692492"]
[BlackFideId "24687022"]
[EventCountry "GER"]
[EventRounds "7"]
[EventType "team-swiss"]
[EventDate "2012.12.26"]

1. d4 Nf6 2. c4 e6 3. Nc3 Bb4 4. a3 Bxc3+ 5. bxc3 b6 6. Bg5 Bb7 7. e3 d6 8. f3
Nc6 9. Bd3 Na5 10. e4 h6 11. Bh4 c5 12. Ne2 Qd7 13. Bxf6 gxf6 14. Nf4 O-O-O 15.
a4 Ba6 16. d5 e5 17. Nh5 Bxc4 18. Bxc4 Nxc4 19. Qe2 Na5 20. Nxf6 Qe7 21. Nh5 f5
22. Ng3 f4 23. Nf5 Qc7 24. Qa6+ Qb7 25. Qxb7+ Kxb7 26. Ke2 h5 27. g3 Rhg8 28.
Rag1 Kc7 29. gxf4 exf4 30. Ng7 Kb7 31. Nxh5 Nc4 32. Nxf4 Ka6 33. Ne6 Rc8 34. h4
Ka5 35. h5 Rh8 36. h6 Kxa4 37. h7 Kb3 38. f4 a5 39. f5 a4 40. f6 Ne5 41. Rb1+
Kc4 42. Rxb6 Ra8 43. Ng5 a3 44. Ra1 Kxc3 45. Rc1+ Kd4 46. Rd1+ Kc3 47. Rc1+
1/2-1/2

[Event "DVM U20 2012"]
[Site "Osnabrück GER"]
[Date "2012.12.28"]
[Round "4"]
[White "Wagner, Robert"]
[Black "Luzius, Jannik"]
[Result "1-0"]
[Termination "normal"]
[Board "3.5"]
[WhiteElo "1806"]
[BlackElo "1652"]
[WhiteTeam "SC Forchheim"]
[BlackTeam "Sfr. Heidesheim"]
[WhiteFideId "24656879"]
[BlackFideId "1271981"]
[EventCountry "GER"]
[EventRounds "7"]
[EventType "team-swiss"]
[EventDate "2012.12.26"]

1. d4 Nf6 2. c4 g6 3. Nc3 Bg7 4. e4 O-O 5. Be3 d6 6. f3 Nc6 7. d5 Nb4 8. a3 Na6
9. Bd3 c6 10. Nge2 e6 11. dxc6 bxc6 12. O-O Re8 13. b4 d5 14. Qa4 dxe4 15. Bxe4
Nxe4 16. fxe4 Qd3 17. Bf2 Bxc3 18. Nxc3 Qxc4 19. Rac1 Bd7 20. Rfd1 Red8 21. Bh4
c5 22. Rxd7 Rxd7 23. Qxd7 cxb4 24. axb4 Nxb4 25. Rf1 e5 26. Nd5 Rf8 27. Ne7+
1-0

[Event "DVM U20 2012"]
[Site "Osnabrück GER"]
[Date "2012.12.28"]
[Round "4"]
[White "Spielberger, Moritz"]
[Black "Nöttling, Dominik"]
[Result "1/2-1/2"]
[Termination "normal"]
[Board "3.6"]
[WhiteElo "1521"]
[BlackElo "1814"]
[WhiteTeam "Sfr. Heidesheim"]
[BlackTeam "SC Forchheim"]
[WhiteFideId "12925950"]
[BlackFideId "24672807"]
[EventCountry "GER"]
[EventRounds "7"]
[EventType "team-swiss"]
[EventDate "2012.12.26"]

1. e4 c5 2. Nf3 Nc6 3. d3 g6 4. g3 d6 5. Bg2 Bg7 6. O-O Bg4 7. h3 Bd7 8. Nc3
Qc8 9. Kh2 h6 10. Ne2 g5 11. Ne1 Nf6 12. c3 Ne5 13. d4 cxd4 14. cxd4 Ng6 15. f4
gxf4 16. Nxf4 Nxf4 17. Bxf4 Qc4 18. Qd3 Qxd3 19. Nxd3 Bc6 20. Rfe1 Rc8 21. Rac1
O-O 22. Nb4 Nd7 23. Nxc6 bxc6 24. e5 dxe5 25. dxe5 c5 26. b3 e6 27. Bf1 Nb6 28.
Rc2 Rfd8 29. Rec1 Bf8 30. Be3 Nd7 31. Ba6 Rc7 32. Rd1 Rb8 33. Bf4 Bg7 34. Re1
Rb4 35. Bf1 Rb6 36. Bg2 a5 37. Re3 Ra7 38. a4 Rc7 39. Bf1 Rb4 40. Bb5 Nb6 41.
Rec3 Bf8 42. Bd2 Ra7 43. h4 Nd5 44. Rf3 Re4 45. Bf4 Ra8 46. Re2 Rd4 47. Rd2 Rc8
48. Rxd4 cxd4 49. Rd3 Rc2+ 50. Kh3 Bc5 51. Bxh6 Rc3 52. Bd2 Rxd3 53. Bxd3 Bb4
54. Bf4 Bc3 55. Kg2 Nb4 56. Be4 Nd5 57. Kf3 Nxf4 58. Kxf4 Kg7 59. h5 f6 60.
exf6+ Kxf6 61. g4 Bd2+ 62. Kf3 e5 63. Bd3 Kg5 1/2-1/2

[Event "DVM U20 2012"]
[Site "Osnabrück GER"]
[Date "2012.12.28"]
[Round "4"]
[White "Linnemann, Niklas"]
[Black "Borgmeyer, Max"]
[Result "1/2-1/2"]
[Termination "normal"]
[Board "4.1"]
[WhiteElo "1942"]
[BlackElo "2111"]
[WhiteTeam "TuS Coswig 1920"]
[BlackTeam "Königsspringer Hamburg"]
[WhiteFideId "24695645"]
[BlackFideId "24615870"]
[EventCountry "GER"]
[EventRounds "7"]
[EventType "team-swiss"]
[EventDate "2012.12.26"]

1. e4 c5 2. Nf3 d6 3. d4 cxd4 4. Nxd4 Nf6 5. Nc3 a6 6. Bg5 Nbd7 7. f4 Qc7 8.
Qf3 h6 9. Bh4 g5 10. fxg5 hxg5 11. Bg3 g4 12. Qf2 Bh6 13. Bd3 b5 14. O-O Bb7
15. Rae1 Qc5 16. Nf5 Bg5 17. Nd5 Nxd5 18. exd5 Kd8 19. Qxc5 Nxc5 20. Be4 Nxe4
21. Rxe4 1/2-1/2

[Event "DVM U20 2012"]
[Site "Osnabrück GER"]
[Date "2012.12.28"]
[Round "4"]
[White "Stanau, Guido"]
[Black "Müller, Richard"]
[Result "1/2-1/2"]
[Termination "normal"]
[Board "4.2"]
[WhiteElo "2078"]
[BlackElo "2078"]
[WhiteTeam "Königsspringer Hamburg"]
[BlackTeam "TuS Coswig 1920"]
[WhiteFideId "24692255"]
[BlackFideId "24647128"]
[EventCountry "GER"]
[EventRounds "7"]
[EventType "team-swiss"]
[EventDate "2012.12.26"]

1. e4 c5 2. c3 d5 3. exd5 Qxd5 4. d4 Nf6 5. Nf3 e6 6. Na3 Qd8 7. Nc4 Nc6 8. Be3
Nd5 9. Be2 cxd4 10. Bxd4 Nxd4 11. Qxd4 Qf6 12. Nce5 Bd6 13. Bb5+ Ke7 14. c4 Nb4
15. O-O-O Rd8 16. c5 Nxa2+ 17. Kb1 Bc7 18. Qe4 Rxd1+ 19. Rxd1 Bxe5 20. Nxe5 Nb4
21. Qxb4 Qxe5 22. c6+ Kf6 23. Rd3 h6 24. Rf3+ Kg6 25. Qg4+ Kh7 26. Rxf7 bxc6
27. Bd3+ Kg8 28. Qg6 Rb8 29. Rxg7+ 1/2-1/2

[Event "DVM U20 2012"]
[Site "Osnabrück GER"]
[Date "2012.12.28"]
[Round "4"]
[White "Kieslich, Aaron"]
[Black "Lock, Adrian"]
[Result "1/2-1/2"]
[Termination "normal"]
[Board "4.3"]
[WhiteElo "1995"]
[BlackElo "2052"]
[WhiteTeam "TuS Coswig 1920"]
[BlackTeam "Königsspringer Hamburg"]
[WhiteFideId "1270391"]
[BlackFideId "24651290"]
[EventCountry "GER"]
[EventRounds "7"]
[EventType "team-swiss"]
[EventDate "2012.12.26"]

1. e4 e6 2. d4 d5 3. Nd2 dxe4 4. Nxe4 Bd7 5. Nf3 Bc6 6. Bd3 Nd7 7. O-O Be7 8.
b3 Ngf6 9. Ng3 Bxf3 10. Qxf3 c6 11. c4 Qa5 12. Bb2 Ba3 13. Qe2 O-O 14. f4 Rfe8
15. Qc2 Bxb2 16. Qxb2 c5 17. dxc5 Nxc5 18. Rad1 Rad8 19. Bb1 Qc7 20. Rd4 Rxd4
21. Qxd4 Rd8 22. Qc3 a5 23. Bc2 Na6 24. Ne4 Nxe4 25. Bxe4 Qc5+ 26. Kh1 Qf2 27.
Qa1 Qb6 28. Rd1 Nc5 29. Bc2 Rd6 30. g3 1/2-1/2

[Event "DVM U20 2012"]
[Site "Osnabrück GER"]
[Date "2012.12.28"]
[Round "4"]
[White "Raider, Eugen"]
[Black "Pönisch, Johannes"]
[Result "1/2-1/2"]
[Termination "normal"]
[Board "4.4"]
[WhiteElo "1890"]
[BlackElo "1945"]
[WhiteTeam "Königsspringer Hamburg"]
[BlackTeam "TuS Coswig 1920"]
[WhiteFideId "24657352"]
[BlackFideId "24603201"]
[EventCountry "GER"]
[EventRounds "7"]
[EventType "team-swiss"]
[EventDate "2012.12.26"]

1. e4 c5 2. Nf3 e6 3. d4 cxd4 4. Nxd4 Nf6 5. Nc3 Nc6 6. Ndb5 Bb4 7. a3 Bxc3+ 8.
Nxc3 d5 9. exd5 Nxd5 10. Nxd5 exd5 11. Bd3 Qf6 12. O-O Be6 13. Qh5 h6 14. Re1
O-O 15. Re3 Qg5 16. Qxg5 hxg5 17. Bd2 a6 18. Rae1 g4 19. f4 gxf3 20. Rxf3 Rfe8
21. Rfe3 Kf8 22. h3 Bd7 23. Kf2 Rxe3 24. Bxe3 f6 25. Bc5+ Kf7 26. Bd6 Re8 27.
Rxe8 Kxe8 28. c4 Be6 29. cxd5 Bxd5 30. g3 Kf7 31. h4 Ke6 32. Bf4 Ne5 33. Ke3
1/2-1/2

[Event "DVM U20 2012"]
[Site "Osnabrück GER"]
[Date "2012.12.28"]
[Round "4"]
[White "Merker, Konstantin"]
[Black "Pfreundt, Jakob"]
[Result "1/2-1/2"]
[Termination "normal"]
[Board "4.5"]
[WhiteElo "1727"]
[BlackElo "1871"]
[WhiteTeam "TuS Coswig 1920"]
[BlackTeam "Königsspringer Hamburg"]
[WhiteFideId "12964239"]
[BlackFideId "12918156"]
[EventCountry "GER"]
[EventRounds "7"]
[EventType "team-swiss"]
[EventDate "2012.12.26"]

1. d4 Nf6 2. c4 e6 3. Nc3 Bb4 4. Qc2 b6 5. a3 Bxc3+ 6. Qxc3 Bb7 7. Bg5 h6 8.
Bh4 d6 9. Nf3 g5 10. Bg3 Ne4 11. Qc2 h5 12. h3 Nxg3 13. fxg3 Nd7 14. e4 Qe7 15.
O-O-O e5 16. d5 a5 17. Be2 a4 18. g4 h4 19. Rhf1 Nc5 20. Nd2 Bc8 21. Rf3 Bd7
22. Rdf1 Rh7 23. Kd1 Kd8 24. Ke1 Kc8 25. Kf2 Kb7 26. Kg1 Rg8 27. b4 axb3 28.
Nxb3 Nxb3 29. Qxb3 Ra8 30. Qa2 Ra5 31. Bd1 Rg7 32. Qf2 Be8 33. Bc2 Qd8 34. Ra1
Rc5 35. Bb3 Qa8 36. Qd2 Ra5 37. Bc2 Qa6 38. Qb4 Rc5 39. Bb3 Qa5 40. Rf6 Kc8 41.
Rh6 Kd8 42. Rf1 1/2-1/2